Cities By Famous Building Quiz Stats

Quiz not verified by Sporcle

Challenge
Share
Tweet
Embed
Score 0/15 Timer 04:00
0 Plays Today
Building City % Correct
Rockefeller CentreNew York
94.6%
Sears/Willis TowerChicago
94.6%
Notre DameParis
90.3%
The KremlinMoscow
89.2%
CN TowerToronto
88.2%
Burj Al ArabDubai
83.9%
30 St. Mary Axe (The Gherkin)London
82.8%
The Petronas TowersKuala Lumpur
78.5%
Building City % Correct
Jin Mao TowerShanghai
67.7%
Puerta de Europa 1 & 2Madrid
64.5%
One Liberty PlacePhiladelphia
59.1%
Bonus 2: Which of these buildings is the oldest?Notre Dame
55.9%
___________101Taipei
48.4%
Bonus 1: Which of these buildings is the tallest?CN Tower
40.9%
International Commerce CentreHong Kong
39.8%

You're not logged in!

Compare scores with friends on all Sporcle quizzes.
Join for Free
OR
Log In

You Might Also Like...

Show Comments

Extras

Created Oct 5, 2012ReportNominate
Tags:City Quiz, Famous Quiz, building

Top Quizzes Today


Score Distribution

Your Account Isn't Verified!

In order to create a playlist on Sporcle, you need to verify the email address you used during registration. Go to your Sporcle Settings to finish the process.

Report this User

Report this user for behavior that violates our Community Guidelines.

Details: